000 00991nam0a22002531 4500
001 rc\900817
005 20250622034532.0
035 _a(NLR Aleph) 006076492
090 _a5052486
_c5052486
100 _a20041129d1983 |||y0rusy50 ca
101 0 _arus
102 _aRU
105 _aa |||||||||
200 1 _aПьезопривод для точного установления угла кристалл-анализатора в кристалл-дифракционных спектрометрах
_fГ. Карраш, Р. Кирхбах, В. Шульце, Г. Щорнак
210 _aДубна
_cОИЯИ
_d1983
215 _a8 с.
_cил.
_d21
225 1 _aСообщения Объединенного института ядерных исследований
_vР13-83-484
320 _aБиблиогр.: с. 7-8 (7 назв.)
701 1 _aКарраш
_bГ.
801 0 _aRU
_bNLR
_gpsbo
801 1 _aRU
_bELAR
_2rusmarc
852 _aNLR
_j84-6/328
942 _cBOOK
980 _aNB